Panorama de historia universal : (Record no. 43411)

MARC details
000 -CABECERA
campo de control de longitud fija 00760nam a2200193 a 4500
005 - FECHA Y HORA DE LA ÚLTIMA TRANSACCIÓN
campo de control 20210223122901.0
008 - ELEMENTOS DE LONGITUD FIJA--INFORMACIÓN GENERAL
campo de control de longitud fija 991125s1965 mx 000 0 spa u
035 ## - NÚMERO DE CONTROL DEL SISTEMA
Número de control de sistema UPN01000043411
049 ## - COLECCIÓN
Colección LT
050 #4 - SIGNATURA TOPOGRÁFICA DE LA BIBLIOTECA DEL CONGRESO
Número de clasificación LB1641 M6.1
Número de documento/Ítem A7.6 LE
100 1# - ASIENTO PRINCIPAL--NOMBRE PERSONAL
Nombre de persona Arredondo Muñozledo, Benjamín
9 (RLIN) 28756
245 10 - MENCIÓN DE TÍTULO
Título Panorama de historia universal :
Resto del título cuaderno de trabajo /
Mención de responsabilidad, etc. Benjamín Arredondo Muñozledo.
260 ## - PUBLICACIÓN, DISTRIBUCIÓN, ETC.
Lugar de publicación, distribución, etc. México :
Nombre del editor, distribuidor, etc. Fournier,
Fecha de publicación, distribución, etc. 1965.
300 ## - DESCRIPCIÓN FÍSICA
Extensión viii, 154 p., [8] p. de láms.
500 ## - NOTA GENERAL
Nota general Título de la cubierta: Cuaderno de trabajo del panorama de historia universal
500 ## - NOTA GENERAL
Nota general "Para uso de los alumnos de primer año de enseñanza secundaria y tecnológica"
650 #4 - ASIENTO SECUNDARIO DE MATERIA - TERMINO TEMATICO
Término de materia o nombre geográfico como elemento de entrada HISTORIA UNIVERSAL-
Subdivisión general ESTUDIO Y ENSEÑANZA (SECUNDARIA)
905 ## - TIPO DE MATERIAL
Tipo de material Libro
Holdings
Estado de retiro Estado de pérdida Fuente del sistema de clasificación o colocación Estado dañado No para préstamo Código de colección Localización permanente Ubicación/localización actual Ubicación en estantería Fecha de adquisición Clasificación Código de barras Fecha visto por última vez Número de copia Tipo de ítem Koha
    Library of Congress Classification   Disponible (Préstamo en sala) Libros de texto Bib. Gregorio Torres Quintero Bib. Gregorio Torres Quintero Colecciones especiales Planta alta 25/05/2023 LB1641 M6.1 A7.6 LE 43921 31/12/2020 1 Libro